| 000 | 00904nam a22002777a 4500 | ||
|---|---|---|---|
| 001 | 9221 | ||
| 003 | FISKH | ||
| 005 | 20251203103551.0 | ||
| 008 | 251203b cb ||||| |||| 00| 0 eng d | ||
| 020 | _a0060234563 | ||
| 040 |
_aFISKH _beng _cFISKH _dFISKH |
||
| 050 | _aPZ7.K875 V | ||
| 082 | _a813.54 | ||
| 100 |
_aKrauss, Ruth _eAuthor |
||
| 245 |
_aA very special house / _cBy Ruth Krauss ; Pictures by Maurice Sendak |
||
| 260 |
_aNew York : _bHarper & Row Junior Books , _c1953 |
||
| 300 |
_a20 unnumbered pages : _bcolor illustrations ; _c26 cm |
||
| 505 | _aNP | ||
| 520 | _aA boy imagines a house to bring home a turtle, a little dead mouse, a very old lion, and where nobody ever says stop. | ||
| 521 | 8 |
_aNP
_bLexile |
|
| 650 |
_aChildren's literature _vFamily |
||
| 650 |
_aHumor _vImagination |
||
| 700 |
_aSendak, Maurice _eIllustrator |
||
| 942 |
_2ddc _cBK _n0 |
||
| 999 |
_c9221 _d9221 |
||